000 00399cam a2200145ua 4500
003 OSt
008 240814b |||||||| |||| 00| 0 eng d
041 _aeng
082 _a627
_bCBI/HY
100 _a, .
_96609
245 0 0 _aHydraulic Gates and Hoists in Water Resources projects 6-8 June 1995, Bangalore,India /
260 _a :
_bCentral Board of I and P ,
_c1995.
300 _a314 ; .
942 _cBK
999 _c822
_d822